00749 2200277 4500001002100000005001500021035002000036245007500056100002700131300003100158260004200189082001200231084001800243020001800261600002200279990001700301990001700318990001700335990001700352990001700369990001700386990001700403990001700420990001700437990001700454INLIS00000000000124420251106071100 a0010-11250000101 aKamus Al-Munawwir Arab-Indonesia Terlengkap /cAhmad WWarson Munawwir0 aMunawwir, Ahmad Warson a1634 hlm ;c16,5 X 24,5 cm aSurabaya :bPustaka Progressif,c1997 a492.731 a492.731 MUN k a979-8956-17-6 4aBahasa Arab-Kamus a4140/PP/2025 a4141/PP/2025 a4142/PP/2025 a4143/PP/2025 a4144/PP/2024 a4145/PP/2025 a4146/PP/2025 a4147/PP/2025 a4148/PP/2025 a4149/PP/2025